|
|
|
|
| LEADER |
00000naa2a2200000 4500 |
| 001 |
197004 |
| 005 |
20240115113758.0 |
| 035 |
|
|
|a (RuTPU)RU\TPU\book\214899
|
| 090 |
|
|
|a 197004
|
| 100 |
|
|
|a 20110602d2009 k y0rusy50 ca
|
| 101 |
0 |
|
|a rus
|
| 102 |
|
|
|a RU
|
| 200 |
1 |
|
|a Контроль качества электрической энергии в контактной сети электрифицированной железной дороги и внутренних сетях электровозов
|f М. Э. Мусаев
|g науч. рук. В. Я. Ушаков
|
| 463 |
|
0 |
|0 (RuTPU)RU\TPU\book\208678
|t Электромеханические преобразователи энергии
|o материалы IV Международной научно-технической конференции, 13-16 октября 2009 г., Томск
|f Российский фонд фундаментальных исследований (РФФИ) ; Томская область, Администрация ; Томский политехнический университет
|v С. 529-530
|d 2009
|p 556 с.
|
| 610 |
1 |
|
|a электроэнергия
|
| 610 |
1 |
|
|a электрическая энергия
|
| 610 |
1 |
|
|a контроль
|
| 610 |
1 |
|
|a железные дороги
|
| 610 |
1 |
|
|a электровозы
|
| 610 |
1 |
|
|a качество
|
| 610 |
1 |
|
|a труды учёных ТПУ
|
| 700 |
|
1 |
|a Мусаев
|b М. Э.
|
| 702 |
|
1 |
|a Ушаков
|b В. Я.
|c специалист в области электроэнергетики
|c профессор Томского политехнического университета, доктор технических наук
|f 1939-
|g Василий Яковлевич
|3 (RuTPU)RU\TPU\pers\10509
|4 727
|9 2236
|
| 801 |
|
1 |
|a RU
|b 63413507
|c 20110602
|
| 801 |
|
2 |
|a RU
|b 63413507
|c 20130614
|g RCR
|
| 942 |
|
|
|c BK
|